000 00418nam a2200181Ia 4500
001 19895
005 20260306172726.0
008 260306t1998||||xx |||||||||||||| ||spa||
041 _aESP
082 _a341.4
_bA87A
100 _aAtienza, Manuel
_eAUT
245 0 _aDerecho y argumentación
260 _c1998
300 _a138 pƔginas :
_c16 cm.
650 _aGEN
654 _aCDE
942 _cLIB
_dJUS
_fJUS
_2ddc
_n
999 _c19895
_d19895